Normal view MARC view
  • Parrish, Stephen Maxfield.

Entry Personal Name

Number of records used in: 3

001 - CONTROL NUMBER

  • control field: 11646

003 - CONTROL NUMBER IDENTIFIER

  • control field: NUST

005 - DATE AND TIME OF LATEST TRANSACTION

  • control field: 20180716044353.0

008 - FIXED-LENGTH DATA ELEMENTS

  • fixed length control field: 180716|| aca||aabn | a|a d

040 ## - CATALOGING SOURCE

  • Original cataloging agency: NUST
  • Transcribing agency: NUST

100 ## - HEADING--PERSONAL NAME

  • Personal name: Parrish, Stephen Maxfield.

670 ## - SOURCE DATA FOUND

  • Source citation: Work cat.: (NUST)173045: Austen, Jane, 1775-1817. 3693, Emma :, 2000.
© 2023 Central Library, National University of Sciences and Technology. All Rights Reserved.